Az Invián, mint online utazásközvetítő irodán belüli marketingkommunikáció, panaszkezelés, ügyfélkapcsolat

Bibliográfiai részletek
Szerző: Sándor Nikolett
További közreműködők: Schablik dr Vilmos
Dokumentumtípus: Projektmunka
Kulcsszavak:belső ügyfél-elégedettség
Invia.hu
Online Access:http://dolgozattar.uni-bge.hu/16338

MARC

LEADER 00000nnm a2200000 i 4500
001 dolg16338
005 20180912152942.0
008 180514suuuu hu o 000 hun d
040 |a BGE Dolgozattár Repozitórium  |b hun 
041 |a hu 
100 1 |a Sándor Nikolett 
245 1 3 |a Az Invián, mint online utazásközvetítő irodán belüli marketingkommunikáció, panaszkezelés, ügyfélkapcsolat  |c Sándor Nikolett  |h [elektronikus dokumentum] 
516 |a Project_work 
695 |a  belső ügyfél-elégedettség 
695 |a Invia.hu 
700 1 |a Schablik dr Vilmos  |e ths 
856 4 0 |u http://dolgozattar.uni-bge.hu/16338/1/Projektmunka.pdf  |z Dokumentum-elérés